Normal view
MARC view
Entry Personal Name
001 - CONTROL NUMBER
- control field: 8616
003 - CONTROL NUMBER IDENTIFIER
- control field: OSt
005 - DATE AND TIME OF LATEST TRANSACTION
- control field: 20150902142719.0
008 - FIXED-LENGTH DATA ELEMENTS
- fixed length control field: 150902|| aca||aabn | a|a d
040 ## - CATALOGING SOURCE
- Original cataloging agency: OSt
- Transcribing agency: OSt
100 ## - HEADING--PERSONAL NAME
- Personal name: Sen, Taraknath
670 ## - SOURCE DATA FOUND
- Source citation: Work cat.: (OSt)1340: Sen, Taraknath, A Literary Miscellany, 2000









